| 000 | 00640nam a22001937a 4500 | ||
|---|---|---|---|
| 999 |
_c170258 _d170258 |
||
| 005 | 20191212152824.0 | ||
| 010 | _aA-564430 | ||
| 020 |
_c88.00 _a- |
||
| 035 | _aA-564430 | ||
| 037 | _bBPPD | ||
| 082 | _a500 | ||
| 100 | _aمحمد شکيل خا ن | ||
| 245 |
_aا ر د و ميں سا ءنسی و تکنيکی ا د ب _cمحمد شکيل خا ن |
||
| 246 |
_aUrdu mein Scienci wa Takniki Adab (Urdu) _bby Mohd.Shakeel Khan |
||
| 260 |
_aDelhi _c1988 ء _bShoeba -e-Urdu Delhi University |
||
| 270 |
_aTC-10Gair Hall,DU, _bDelhi _k- _e110007 |
||
| 300 |
_a303 ص _c22 cm(hb) |
||
| 942 |
_2ddc _cUR _h500 _mم ح م |
||